<?xml version="1.0" encoding="UTF-8"?>
<record
    xmlns:xsi="http://www.w3.org/2001/XMLSchema-instance"
    xsi:schemaLocation="http://www.loc.gov/MARC21/slim http://www.loc.gov/standards/marcxml/schema/MARC21slim.xsd"
    xmlns="http://www.loc.gov/MARC21/slim">

  <leader>02824njm a2200493Ia 4500</leader>
  <controlfield tag="001">24327</controlfield>
  <controlfield tag="003">IT-RoPAU</controlfield>
  <controlfield tag="005">20220918181215.0</controlfield>
  <controlfield tag="008">131025s9999    xx            000 0 und d</controlfield>
  <datafield tag="040" ind1=" " ind2=" ">
    <subfield code="a">IT-RoPAU</subfield>
  </datafield>
  <datafield tag="040" ind1=" " ind2=" ">
    <subfield code="c">IT-RoPAU</subfield>
  </datafield>
  <datafield tag="999" ind1=" " ind2=" ">
    <subfield code="c">103947</subfield>
    <subfield code="d">103947</subfield>
  </datafield>
  <datafield tag="999" ind1=" " ind2=" ">
    <subfield code="b">n.d.</subfield>
  </datafield>
  <datafield tag="100" ind1=" " ind2=" ">
    <subfield code="a">AA.VV.</subfield>
    <subfield code="9">794</subfield>
  </datafield>
  <datafield tag="100" ind1=" " ind2=" ">
    <subfield code="e">Autore musica</subfield>
    <subfield code="9">10232</subfield>
  </datafield>
  <datafield tag="100" ind1=" " ind2=" ">
    <subfield code="g">Codice autore musica SPICS: 12000</subfield>
    <subfield code="9">796</subfield>
  </datafield>
  <datafield tag="245" ind1=" " ind2=" ">
    <subfield code="a">Fly (A. Sciascia orchestra, coro e moog)</subfield>
  </datafield>
  <datafield tag="250" ind1=" " ind2=" ">
    <subfield code="a">1a ed.</subfield>
  </datafield>
  <datafield tag="260" ind1=" " ind2=" ">
    <subfield code="a">MILANO</subfield>
  </datafield>
  <datafield tag="260" ind1=" " ind2=" ">
    <subfield code="b">VEDETTE RECORDS</subfield>
    <subfield code="c">1972 [1a Ed.:1972]</subfield>
  </datafield>
  <datafield tag="300" ind1=" " ind2=" ">
    <subfield code="a">DISCO</subfield>
  </datafield>
  <datafield tag="300" ind1=" " ind2=" ">
    <subfield code="c">36 minuti (Testo:  pag.)</subfield>
  </datafield>
  <datafield tag="500" ind1=" " ind2=" ">
    <subfield code="a">Musica strumentale: moog</subfield>
  </datafield>
  <datafield tag="505" ind1=" " ind2=" ">
    <subfield code="a">Il gabbiano infelice (3:00) - Alone Again (4:00) - Pop Corn (3:00) - Run To Me (3:00) - Play a Simple Melody (4:00) - Lovey Mine (3:00) - Grande grande grande (4:00) - Song Sung Blue (3:00) - Smoke Gets in Your Eyes (3:00) - Io vagabondo [(che non sono altro) (3:00)] - Viaggio di un poeta (3:00) - Spring Roll (3:00)</subfield>
  </datafield>
  <datafield tag="511" ind1=" " ind2=" ">
    <subfield code="a">Direttore d'orchestra: Sciascia Armando</subfield>
  </datafield>
  <datafield tag="650" ind1=" " ind2=" ">
    <subfield code="a">STRUMENTALE [DISCHI]</subfield>
    <subfield code="e">Codice MATERIA SPICS: 9950</subfield>
    <subfield code="9">828</subfield>
  </datafield>
  <datafield tag="700" ind1=" " ind2=" ">
    <subfield code="a">Sciascia Armando</subfield>
    <subfield code="g">Codice interprete SPICS: 8192</subfield>
    <subfield code="e">Interprete</subfield>
    <subfield code="9">10233</subfield>
  </datafield>
  <datafield tag="700" ind1=" " ind2=" ">
    <subfield code="a">Arfemo</subfield>
    <subfield code="g">Codice autore musica SPICS: 14447</subfield>
    <subfield code="e">Autore musica</subfield>
    <subfield code="p">Il gabbiano infelice</subfield>
    <subfield code="9">10234</subfield>
  </datafield>
  <datafield tag="700" ind1=" " ind2=" ">
    <subfield code="a">O'Sullivan Gilbert</subfield>
    <subfield code="g">Codice autore musica SPICS: 14458</subfield>
    <subfield code="e">Autore musica</subfield>
    <subfield code="p">Alone Again</subfield>
    <subfield code="9">10235</subfield>
  </datafield>
  <datafield tag="700" ind1=" " ind2=" ">
    <subfield code="a">Kingsley</subfield>
    <subfield code="g">Codice autore musica SPICS: 15621</subfield>
    <subfield code="e">Autore musica</subfield>
    <subfield code="p">Pop Corn</subfield>
    <subfield code="9">10236</subfield>
  </datafield>
  <datafield tag="700" ind1=" " ind2=" ">
    <subfield code="a">Gibb Maurice</subfield>
    <subfield code="g">Codice autore musica SPICS: 15512</subfield>
    <subfield code="e">Autore musica</subfield>
    <subfield code="p">Run To Me</subfield>
    <subfield code="9">10237</subfield>
  </datafield>
  <datafield tag="700" ind1=" " ind2=" ">
    <subfield code="a">Gibb Robin</subfield>
    <subfield code="g">Codice autore SPICS: 15622</subfield>
    <subfield code="e">Autore</subfield>
    <subfield code="p">Run To Me</subfield>
    <subfield code="9">10238</subfield>
  </datafield>
  <datafield tag="700" ind1=" " ind2=" ">
    <subfield code="a">Gibb Barry</subfield>
    <subfield code="g">Codice autore testo/musica SPICS: 23236</subfield>
    <subfield code="e">Autore testo/musica</subfield>
    <subfield code="p">Run To Me</subfield>
    <subfield code="9">10239</subfield>
  </datafield>
  <datafield tag="700" ind1=" " ind2=" ">
    <subfield code="a">Berlin Irving</subfield>
    <subfield code="g">Codice autore musica SPICS: 14042</subfield>
    <subfield code="e">Autore musica</subfield>
    <subfield code="p">Play a Simple Melody</subfield>
    <subfield code="9">10240</subfield>
  </datafield>
  <datafield tag="700" ind1=" " ind2=" ">
    <subfield code="a">Tical H.</subfield>
    <subfield code="g">Codice autore musica SPICS: 13941</subfield>
    <subfield code="e">Autore musica</subfield>
    <subfield code="p">Lovey Mine</subfield>
    <subfield code="9">10241</subfield>
  </datafield>
  <datafield tag="700" ind1=" " ind2=" ">
    <subfield code="a">Renis Tony</subfield>
    <subfield code="g">Codice autore musica SPICS: 13845</subfield>
    <subfield code="e">Autore musica</subfield>
    <subfield code="p">Grande grande grande</subfield>
    <subfield code="9">10242</subfield>
  </datafield>
  <datafield tag="700" ind1=" " ind2=" ">
    <subfield code="a">Diamond Neil</subfield>
    <subfield code="g">Codice autore musica SPICS: 10867</subfield>
    <subfield code="e">Autore musica</subfield>
    <subfield code="p">Song Sung Blue</subfield>
    <subfield code="9">10243</subfield>
  </datafield>
  <datafield tag="700" ind1=" " ind2=" ">
    <subfield code="a">Kern Jerome</subfield>
    <subfield code="g">Codice autore musica SPICS: 10779</subfield>
    <subfield code="e">Autore musica</subfield>
    <subfield code="p">Smoke Gets in Your Eyes</subfield>
    <subfield code="9">10244</subfield>
  </datafield>
  <datafield tag="700" ind1=" " ind2=" ">
    <subfield code="a">Salerno A.</subfield>
    <subfield code="g">Codice autore musica SPICS: 14302</subfield>
    <subfield code="e">Autore musica</subfield>
    <subfield code="p">Io vagabondo (che non sono altro)</subfield>
    <subfield code="9">10245</subfield>
  </datafield>
  <datafield tag="700" ind1=" " ind2=" ">
    <subfield code="a">Dattoli D.</subfield>
    <subfield code="g">Codice autore SPICS: 15623</subfield>
    <subfield code="e">Autore</subfield>
    <subfield code="p">Io vagabondo (che non sono altro)</subfield>
    <subfield code="9">10246</subfield>
  </datafield>
  <datafield tag="700" ind1=" " ind2=" ">
    <subfield code="a">Vandelli Maurizio</subfield>
    <subfield code="g">Codice autore musica SPICS: 15625</subfield>
    <subfield code="e">Autore musica</subfield>
    <subfield code="p">Viaggio di un poeta</subfield>
    <subfield code="9">10247</subfield>
  </datafield>
  <datafield tag="700" ind1=" " ind2=" ">
    <subfield code="a">Zara Riccardo</subfield>
    <subfield code="g">Codice autore SPICS: 15624</subfield>
    <subfield code="e">Autore</subfield>
    <subfield code="p">Viaggio di un poeta</subfield>
    <subfield code="9">10248</subfield>
  </datafield>
  <datafield tag="700" ind1=" " ind2=" ">
    <subfield code="a">Selmoco</subfield>
    <subfield code="g">Codice autore musica SPICS: 13949</subfield>
    <subfield code="e">Autore musica</subfield>
    <subfield code="p">Spring Roll</subfield>
    <subfield code="9">10249</subfield>
  </datafield>
  <datafield tag="942" ind1=" " ind2=" ">
    <subfield code="c">MD</subfield>
    <subfield code="2">ddc</subfield>
  </datafield>
  <datafield tag="952" ind1=" " ind2=" ">
    <subfield code="0">0</subfield>
    <subfield code="1">0</subfield>
    <subfield code="4">0</subfield>
    <subfield code="6">24327_000000000000000</subfield>
    <subfield code="7">1</subfield>
    <subfield code="a">SPICS</subfield>
    <subfield code="b">SPICS</subfield>
    <subfield code="d">2013-10-25</subfield>
    <subfield code="l">0</subfield>
    <subfield code="o">24327</subfield>
    <subfield code="r">2013-10-25 00:00:00</subfield>
    <subfield code="w">2013-10-25</subfield>
    <subfield code="y">MD</subfield>
    <subfield code="z">Progr. Ins.: 5172 / N.Vol.: 1 / Copie: 1 - Copia rara: n.d. / date import: 01.01.2014 - By Epidotti, Trombetti, Vaglietti</subfield>
  </datafield>
</record>
